000 01340cam a2200337 a 4500
001 14347572
003 OSt
005 20140310181628.0
008 060420s2006 nyua 000 0 eng
010 _a 2006013344
020 _a0762105453 (deluxe hardcover)
040 _aDLC
_cDLC
_dDLC
042 _apcc
050 0 0 _aPN6165
_b.L38 2006
082 0 0 _aREF 817.508
_b L36 2006
245 0 0 _aLaughter, the best medicine :
_ba laugh-out-loud collection of our funniest jokes, qoutes, stories and cartoons.
250 _aDeluxe ed. ; rev. and expanded.
260 _aPleasantville, NY :
_bReader's Digest Association,
_cc2006.
300 _a366 p. :
_bcol. ill. ;
_c23 cm.
500 _aRevised and expanded version of Laugher [sic] the Best Medicine c2005, and Laughter the Best Medicine II, c2006"--T.p. verso.
521 _aGrade Three Students
_bLexile
526 _c600L
541 _j1
562 _eFor circulation. 1 copy in the collection
650 0 _aAmerican wit and humor.
710 2 _aReader's Digest Association.
856 4 1 _3Table of contents only
_uhttp://www.loc.gov/catdir/toc/ecip0612/2006013344.html
906 _a7
_bcbc
_corignew
_d1
_eecip
_f20
_gy-gencatlg
942 _2lcc
_cBK-GR
_kREF
999 _c393
_d393